|
|
|
|
| LEADER |
00899cam a22002534a 4500 |
| 005 |
20150202120703.0 |
| 008 |
070306s2007 ii ab b 000 0 eng |
| 020 |
|
|
|a 9788186906408
|
| 082 |
|
|
|a 354.3627 BAB
|
| 100 |
1 |
|
|a Suresh Babu, S. V.
|
| 245 |
1 |
0 |
|a Sewage canal :
|b how to clean the Yamuna /
|c [written by Suresh Babu S. V. and Bharat Lal Seth ; edited by Ajit Chak and Vasudha Kuthiala Dixit].
|
| 260 |
|
|
|a New Delhi :
|b C S E,
|c c2007.
|
| 300 |
|
|
|a 180p.
|
| 650 |
|
0 |
|a Water
|
| 650 |
|
0 |
|a Sewerage
|
| 650 |
|
0 |
|a Sewage
|
| 650 |
|
0 |
|a Watershed restoration
|
| 700 |
1 |
|
|a Seth, Bharat Lal.
|
| 700 |
1 |
|
|a Chak, Ajit.
|
| 700 |
1 |
|
|a Dixit, Vasudha Kuthiala.
|
| 700 |
1 |
|
|a Narain, Sunita.
|
| 942 |
|
|
|2 ddc
|c BK
|
| 999 |
|
|
|c 9993
|d 9993
|
| 952 |
|
|
|0 0
|1 0
|2 ddc
|4 0
|6 354_362700000000000_BAB
|7 0
|9 14140
|a MAIN
|b MAIN
|d 2015-02-02
|e Center for Science and Environment
|o 354.3627 BAB
|p 14242
|r 2017-05-11
|t 1
|w 2015-02-02
|y BK
|